<?xml version="1.0" encoding="UTF-8"?><?xml-stylesheet type="text/xsl" href="static/style.xsl"?><OAI-PMH xmlns="http://www.openarchives.org/OAI/2.0/" xmlns:xsi="http://www.w3.org/2001/XMLSchema-instance" xsi:schemaLocation="http://www.openarchives.org/OAI/2.0/ http://www.openarchives.org/OAI/2.0/OAI-PMH.xsd"><responseDate>2026-06-02T08:12:13Z</responseDate><request verb="GetRecord" identifier="oai:riuma.uma.es:10630/16742" metadataPrefix="marc">https://riuma.uma.es/rest/oai/request</request><GetRecord><record><header><identifier>oai:riuma.uma.es:10630/16742</identifier><datestamp>2026-02-03T12:13:26Z</datestamp><setSpec>com_10630_2254</setSpec><setSpec>col_10630_37959</setSpec></header><metadata><record xmlns="http://www.loc.gov/MARC21/slim" xmlns:dcterms="http://purl.org/dc/terms/" xmlns:doc="http://www.lyncode.com/xoai" xmlns:xsi="http://www.w3.org/2001/XMLSchema-instance" xsi:schemaLocation="http://www.loc.gov/MARC21/slim http://www.loc.gov/standards/marcxml/schema/MARC21slim.xsd">
   <leader>00925njm 22002777a 4500</leader>
   <datafield ind2=" " ind1=" " tag="042">
      <subfield code="a">dc</subfield>
   </datafield>
   <datafield ind2=" " ind1=" " tag="720">
      <subfield code="a">Luque Florido, Adrián</subfield>
      <subfield code="e">author</subfield>
   </datafield>
   <datafield ind2=" " ind1=" " tag="720">
      <subfield code="a">Hueso-González, Paloma</subfield>
      <subfield code="e">author</subfield>
   </datafield>
   <datafield ind2=" " ind1=" " tag="720">
      <subfield code="a">Martínez-Murillo, Juan Francisco</subfield>
      <subfield code="e">author</subfield>
   </datafield>
   <datafield ind2=" " ind1=" " tag="260">
      <subfield code="c">2018-10-29</subfield>
   </datafield>
   <datafield ind2=" " ind1=" " tag="520">
      <subfield code="a">Ecosystem services (ES) are defined as “benefits people obtain from ecosystems”, and classified as provisioning, regulation and maintenance, and cultural services. Nowadays, there is continuous search for incrementing wellbeing, besides a higher concern for environment. Accordingly, ES contribute positively to decrease these concerns. Green and blue  infrastructures (GBI) play  an  important  role  in  the  regulation  of  natural  cycles  in urban and periurban areas,  providing  a  number  of ES, not always considered  in  planning  and  decision  making  process. GBI  may  be  designed  to  reduce  the  ecological  footprint,  reduce  natural  hazards, and improve  the  quality  of urban  living  environment  (e.g  air  quality,  water  quality,  noise,  climate,  aesthetics). GBI  provide  space  for  relaxation  and  restoration  as  well  as  exercise  and  leisure  activities,  promote  new  green  services  and  jobs,  and  therefore  increase  the  resilience  of  cities  facing  the  Global  Change.&#xd;
Many Mediterranean cities present few spaces considered as GBI. In our case study, does Málaga city have GBI providing ES to its population? Málaga is a Mediterranean city of importance in southern Europe due to its strategic location and good communications. It has a population of almost 600.000 people plus the great amount of tourist throughout the year. Thus, it would be rather important to have GBI improving urban quality life and well-being.</subfield>
   </datafield>
   <datafield ind1="8" ind2=" " tag="024">
      <subfield code="a">https://hdl.handle.net/10630/16742</subfield>
   </datafield>
   <datafield tag="653" ind2=" " ind1=" ">
      <subfield code="a">Ecosistemas</subfield>
   </datafield>
   <datafield tag="653" ind2=" " ind1=" ">
      <subfield code="a">Málaga</subfield>
   </datafield>
   <datafield ind2="0" ind1="0" tag="245">
      <subfield code="a">Does malaga city have green and blue infraestructures? analysis of their ecological connectivity, population accesibility and potential ecosystem services</subfield>
   </datafield>
</record>
</metadata></record></GetRecord></OAI-PMH>